000 03555nam a22003137a 4500
003 BDCtgAUW
005 20260331172423.0
008 161222s2017 enk b 000 0 eng
020 _a9781786631398
_qhardback
040 _aBDCtgAUW
_bBDCtgAUW
_cBDCtgAUW
_eBDCtgAUW
_dBDCtgAUW
050 0 0 _aLB2322.2.C639
100 1 0 _aCollini, Stefan
_eauthor
_991092
245 1 0 _aSpeaking of universities /
264 1 _aLondon ;
_aNew York :
_bVerso,
_c2017.
300 _a296 p. :
_c25 cm.
338 _avolume
_bnc
_2rdacarrier
504 _aIncludes bibliographical references (pages [288]-296).
520 _a"A devastating analysis of what is happening to our universities In recent decades there has been an immense global surge in the numbers both of universities and of students. In the UK alone there are now over 140 institutions teaching more subjects to nearly 2.5 million students. New technology offers new ways of learning and teaching. Globalization forces institutions to consider a new economic horizon. At the same time governments have systematically imposed new procedures regulating funding, governance, and assessment. Universities are being forced to behave more like business enterprises in a commercial marketplace than centres of learning. In Speaking of Universities, historian and critic Stefan Collini analyses these changes and challenges the assumptions of policy-makers and commentators. He asks: does 'marketization' threaten to destroy what we most value about education; does this new era of 'accountability' distort what it purports to measure; and who does the modern university belong to? Responding to recent policies and their underlying ideology, the book is a call to 'focus on what is actually happening and the cliches behind which it hides; an incitement to think again, think more clearly, and then to press for something better'"--
_cProvided by publisher.
520 _a"In recent decades there has been an immense global surge in the numbers both of universities and of students. In the UK alone there are now over 140 institutions teaching more subjects to nearly 2.5 million students. New technology offers new ways of learning and teaching. Globalisation forces institutions to consider a new economic horizon. At the same governments have systematically imposed new procedures regulating funding, governance, and assessment. Universities are being forced to behave more like business enterprises in a commercial marketplace than centres of learning. In Speaking of Universities, historian and critic Stefan Collini analyses these changes and challenges the assumptions of policy-makers and commentators. He asks: does 'marketisation' threaten to destroy what we most value about education; does this new era of 'accountability' distort what it purports to measure; and who does the modern university 'belong to'? Responding to recent policies and their underlying ideology, the book is a call to 'focus on what is actually happening and the clich behind which it hides; an incitement to think again, think more clearly, and then to press for something better'"--
_cProvided by publisher.
650 0 _aEducation, Higher
_xAims and objectives.
650 0 _aEducation, Higher
_xEconomic aspects.
_991093
650 0 _aEducation and globalization.
650 0 _aBusiness and education.
650 0 _aEducational accountability.
_991094
650 7 _aEDUCATION / Higher.
_2bisacsh
650 7 _aEDUCATION / Organizations & Institutions.
_2bisacsh
_991095
887 _28
_aPapia Akter
942 _2lcc
_cBK
_n0
999 _c16287
_d16287
888 _28